| 000 | 01403cam a22002771i 4500 | ||
|---|---|---|---|
| 003 | SA-RiAUC | ||
| 005 | 20241022084400.0 | ||
| 008 | 241019s1987 le g 000 0 ara c | ||
| 040 |
_aSA-JeALM _bara _cSA-RiAUC _erda |
||
| 082 | 0 | 4 | _a258.3 |
| 090 |
_a258.3 _bغ م ر |
||
| 100 | 1 |
_aالغمراوي، محمد الزهري _eمؤلف. |
|
| 245 | 1 | 2 |
_aالسراج الوهاج شرح العلامة الفاضل والمحقق الكامل الشيخ محمد الزهري الغمراوي على متن المنهاج لشرف الدين يحيى النووي/ _cمحمد الزهري الغمراوي. |
| 264 | 1 |
_aبيروت : _bدار المعرفة للطباعة والنشر، _c( د . ت ) |
|
| 300 |
_a651 صفحة ؛ _c28 سم |
||
| 336 |
_aنص _btxt _2rdacontent _3كتاب |
||
| 337 |
_aبدون وسيط _bn _2rdamedia |
||
| 338 |
_aمجلد _bnc _2rdacarrier |
||
| 500 | _aمتن المنهاج للنووي بأعلى الصحائف مضبوطا بالشكل الكامل. | ||
| 650 | 7 |
_aالفقه الشافعي _2aucsh |
|
| 650 | 7 |
_aالفقه الإسلامي _xمذاهب _2aucsh |
|
| 700 | 1 | 2 |
_aالنووي، يحيى بن شرف بن مري، _d631-676 هجري. _tمنهاج الطالبين وعمدة المفتين. |
| 740 | 0 | 2 | _aمنهاج الطالبين وعمدة المفتين في الفقه. |
| 942 |
_2ddc _cBOOK _n0 |
||
| 949 |
_aSA-JeALM _d241019 _umohamedma123 _n1 |
||
| 999 |
_c1585 _d1585 |
||